| 000 | 00624nam a2200229 a 4500 | ||
|---|---|---|---|
| 001 | BRL_697 | ||
| 005 | 20190320210846.0 | ||
| 008 | 250913s1921----nyu#######---#000-0#eng-# | ||
| 041 | _aeng | ||
| 044 | _anyu | ||
| 050 | 4 |
_aPS3201 _b.W45 1921 |
|
| 100 | 1 |
_aWhitman, Walt _d1819-1892 _924676 |
|
| 245 | 1 | 0 |
_aLeaves of Grass _cby Walt Whitman; introduction by Carl Sandburg. |
| 260 |
_aNew York _bCarlton House _c1921 |
||
| 300 |
_axiii, 410 p. _c21 cm. |
||
| 500 | _aAu776 | ||
| 650 | 1 | 4 |
_aLiteratura estadounidense _924677 |
| 650 | 1 | 4 |
_aPoesÃa _917631 |
| 700 | 1 |
_aSandburg, Carl _915989 |
|
| 902 | _aGRL | ||
| 942 |
_2lcc _cB |
||
| 999 |
_c9509 _d9509 |
||